[Event "Stay Safe Play From Home 279"]
[Site "Emanuel Lasker Arena"]
[Date "2020.07.05"]
[Round "5"]
[White "Lazieri3"]
[Black "Don59as"]
[Result "1-0"]
[WhiteElo "2066"]
[BlackElo "2048"]
[Annotator "NA"]
[PlyCount "105"]
[EventDate "2020.07.05"]
[EventType "swiss (blitz)"]

1. e4 {[%emt 0:00:01]} e5 {[%emt 0:00:02]} 2. Nf3 {[%emt 0:00:01]} Nc6 {[%emt 0:00:01]} 3. Nc3 {[%emt 0:00:01]} d6 {[%emt 0:00:01]} 4. d4 {[%emt 0:00:01]} exd4 {[%emt 0:00:01]} 5. Nxd4 {[%emt 0:00:00]} Nf6 {[%emt 0:00:01]} 6. Nxc6 {[%emt 0:00:01]} bxc6 {[%emt 0:00:02]} 7. Bd3 {[%emt 0:00:01]} Be7 {[%emt 0:00:01]} 8. O-O {[%emt 0:00:01]} O-O {[%emt 0:00:01]} 9. Bg5 {[%emt 0:00:01]} Rb8 {[%emt 0:00:02]} 10. b3 {[%emt 0:00:01]} h6 {[%emt 0:00:02]} 11. Bh4 {[%emt 0:00:01]} Nd7 {[%emt 0:00:05]} 12. Bxe7 {[%emt 0:00:01]} Qxe7 {[%emt 0:00:00]} 13. Re1 {[%emt 0:00:07]} Qf6 {[%emt 0:00:03]} 14. Qd2 {[%emt 0:00:01]} Ne5 {[%emt 0:00:11]} 15. Bf1 {[%emt 0:00:01]} Qg6 {[%emt 0:00:05]} 16. Kh1 {[%emt 0:00:03]} f5 {[%emt 0:00:08]} 17. f4 {[%emt 0:00:12]} Ng4 {[%emt 0:00:04]} 18. h3 {[%emt 0:00:02]} Nf6 {[%emt 0:00:19]} 19. e5 {[%emt 0:00:21]} Ne4 {[%emt 0:00:04]} 20. Nxe4 {[%emt 0:00:06]} fxe4 {[%emt 0:00:01]} 21. exd6 {[%emt 0:00:02]} cxd6 {[%emt 0:00:02]} 22. Be2 {[%emt 0:00:17]} d5 {[%emt 0:00:15]} 23. c4 {[%emt 0:00:02]} Be6 {[%emt 0:00:01]} 24. cxd5 {[%emt 0:00:01]} cxd5 {[%emt 0:00:02]} 25. Rf1 {[%emt 0:00:05]} Qg3 {[%emt 0:00:03]} 26. Qe1 {[%emt 0:00:13]} Qxe1 {[%emt 0:00:27]} 27. Raxe1 {[%emt 0:00:00]} d4 {[%emt 0:00:01]} 28. Bh5 {[%emt 0:00:08]} e3 {[%emt 0:00:07]} 29. Bg6 {[%emt 0:00:10]} Bf5 {[%emt 0:00:07]} 30. Bxf5 {[%emt 0:00:11]} Rxf5 {[%emt 0:00:00]} 31. g4 {[%emt 0:00:02]} Rd5 {[%emt 0:00:18]} 32. Kg2 {[%emt 0:00:04]} Rc8 {[%emt 0:00:04]} 33. Kf3 {[%emt 0:00:04]} Rc2 {[%emt 0:00:02]} 34. Re2 {[%emt 0:00:08]} Rdc5 {[%emt 0:00:02]} 35. Rfe1 {[%emt 0:00:03]} Rxe2 {[%emt 0:00:53]} 36. Rxe2 {[%emt 0:00:10]} Rc8 {[%emt 0:00:04]} 37. Ke4 {[%emt 0:00:11]} Rd8 {[%emt 0:00:03]} 38. Kd3 {[%emt 0:00:01]} Kf7 {[%emt 0:00:03]} 39. Rc2 {[%emt 0:00:01]} Ke6 {[%emt 0:00:09]} 40. Rc6+ {[%emt 0:00:12]} Ke7 {[%emt 0:00:06]} 41. Rc7+ {[%emt 0:00:05]} Rd7 {[%emt 0:00:01]} 42. Rxd7+ {[%emt 0:00:02]} Kxd7 {[%emt 0:00:01]} 43. b4 {[%emt 0:00:00]} Kd6 {[%emt 0:00:01]} 44. a4 {[%emt 0:00:01]} Kd5 {[%emt 0:00:01]} 45. h4 {[%emt 0:00:07]} Ke6 {[%emt 0:00:06]} 46. b5 {[%emt 0:00:02]} Kd6 {[%emt 0:00:01]} 47. g5 {[%emt 0:00:03]} h5 {[%emt 0:00:04]} 48. f5 {[%emt 0:00:01]} Ke5 {[%emt 0:00:01]} 49. a5 {[%emt 0:00:02]} Kxf5 {[%emt 0:00:10]} 50. b6 {[%emt 0:00:01]} axb6 {[%emt 0:00:03]} 51. axb6 {[%emt 0:00:03]} Kf4 {[%emt 0:00:02]} 52. b7 {[%emt 0:00:01]} Kf3 {[%emt 0:00:02]} 53. b8=Q {[%emt 0:00:01] Don59as resigns (Lag: Av=0.71s, max=1.0s)} 1-0

[Event "Stay Safe Play From Home 279"]
[Site "Emanuel Lasker Arena"]
[Date "2020.07.05"]
[Round "5"]
[White "Haris kollari 13"]
[Black "Möwe"]
[Result "1/2-1/2"]
[WhiteElo "1869"]
[BlackElo "1631"]
[Annotator "NA"]
[PlyCount "96"]
[EventDate "2020.07.05"]
[EventType "swiss (blitz)"]

1. e4 {[%emt 0:00:01]} d5 {[%emt 0:00:01]} 2. exd5 {[%emt 0:00:02]} Qxd5 {[%emt 0:00:01]} 3. c4 {[%emt 0:00:01]} Qa5 {[%emt 0:00:02]} 4. Nc3 {[%emt 0:00:01]} c6 {[%emt 0:00:01]} 5. d4 {[%emt 0:00:01]} Nf6 {[%emt 0:00:01]} 6. Bd2 {[%emt 0:00:02]} e6 {[%emt 0:00:06]} 7. a3 {[%emt 0:00:01]} Qc7 {[%emt 0:00:06]} 8. Nf3 {[%emt 0:00:01]} Bd6 {[%emt 0:00:02]} 9. Bd3 {[%emt 0:00:02]} O-O {[%emt 0:00:02]} 10. O-O {[%emt 0:00:07]} Nbd7 {[%emt 0:00:03]} 11. c5 {[%emt 0:00:08]} Bf4 {[%emt 0:00:02]} 12. Be3 {[%emt 0:00:01]} Bxe3 {[%emt 0:00:01]} 13. fxe3 {[%emt 0:00:01]} Ng4 {[%emt 0:00:06]} 14. Qe2 {[%emt 0:00:02]} e5 {[%emt 0:00:05]} 15. Bxh7+ {[%emt 0:00:06]} Kh8 {[%emt 0:00:04]} 16. Bf5 {[%emt 0:00:02]} Ndf6 {[%emt 0:00:06]} 17. Bxg4 {[%emt 0:00:10]} Bxg4 {[%emt 0:00:03]} 18. Qf2 {[%emt 0:00:06]} Bxf3 {[%emt 0:00:10]} 19. Qxf3 {[%emt 0:00:03]} exd4 {[%emt 0:00:04]} 20. exd4 {[%emt 0:00:01]} Kg8 {[%emt 0:00:06]} 21. Rad1 {[%emt 0:00:05]} Rad8 {[%emt 0:00:08]} 22. b4 {[%emt 0:00:01]} Rfe8 {[%emt 0:00:03]} 23. d5 {[%emt 0:00:23]} cxd5 {[%emt 0:00:02]} 24. Nxd5 {[%emt 0:00:01]} Nxd5 {[%emt 0:00:02]} 25. Rxd5 {[%emt 0:00:01]} Rxd5 {[%emt 0:00:24]} 26. Qxd5 {[%emt 0:00:01]} b6 {[%emt 0:00:06]} 27. Qd6 {[%emt 0:00:10]} Qxd6 {[%emt 0:00:10]} 28. cxd6 {[%emt 0:00:01]} Rd8 {[%emt 0:00:01]} 29. Rd1 {[%emt 0:00:01]} Rd7 {[%emt 0:00:01]} 30. Kf2 {[%emt 0:00:01]} f6 {[%emt 0:00:01]} 31. Ke3 {[%emt 0:00:01]} Kf7 {[%emt 0:00:00]} 32. Rc1 {[%emt 0:00:08]} Ke6 {[%emt 0:00:02]} 33. Rc7 {[%emt 0:00:05]} Kxd6 {[%emt 0:00:01]} 34. Rxd7+ {[%emt 0:00:01]} Kxd7 {[%emt 0:00:01]} 35. Ke4 {[%emt 0:00:01]} Ke6 {[%emt 0:00:01]} 36. g4 {[%emt 0:00:01]} g6 {[%emt 0:00:01]} 37. h4 {[%emt 0:00:02]} b5 {[%emt 0:00:06]} 38. h5 {[%emt 0:00:02]} f5+ {[%emt 0:00:05]} 39. Kf4 {[%emt 0:00:02]} fxg4 {[%emt 0:00:05]} 40. hxg6 {[%emt 0:00:03]} Kf6 {[%emt 0:00:01]} 41. g7 {[%emt 0:00:04]} Kxg7 {[%emt 0:00:01]} 42. Kxg4 {[%emt 0:00:00]} Kf7 {[%emt 0:00:02]} 43. Kf4 {[%emt 0:00:00]} Kf6 {[%emt 0:00:01]} 44. Ke4 {[%emt 0:00:01]} Ke6 {[%emt 0:00:01]} 45. Kd4 {[%emt 0:00:01]} Kd6 {[%emt 0:00:01]} 46. Ke4 {[%emt 0:00:01]} Ke6 {[%emt 0:00:04]} 47. Kd4 {[%emt 0:00:02]} Kd6 {[%emt 0:00:01]} 48. Ke4 {[%emt 0:00:01]} Ke6 {[%emt 0:00:01] (Lag: Av=0.98s, max=1.5s)} 1/2-1/2

[Event "Stay Safe Play From Home 279"]
[Site "Emanuel Lasker Arena"]
[Date "2020.07.05"]
[Round "5"]
[White "Robk"]
[Black "Dukic"]
[Result "1-0"]
[WhiteElo "1593"]
[BlackElo "1822"]
[Annotator "NA"]
[PlyCount "67"]
[EventDate "2020.07.05"]
[EventType "swiss (blitz)"]

1. e4 {[%emt 0:00:02]} d6 {[%emt 0:00:01]} 2. d4 {[%emt 0:00:01]} Nd7 {[%emt 0:00:00]} 3. Nf3 {[%emt 0:00:02]} e5 {[%emt 0:00:01]} 4. dxe5 {[%emt 0:00:02]} dxe5 {[%emt 0:00:02]} 5. Nc3 {[%emt 0:00:03]} Ngf6 {[%emt 0:00:01]} 6. Be3 {[%emt 0:00:14]} Bb4 {[%emt 0:00:04]} 7. Qd3 {[%emt 0:00:05]} O-O {[%emt 0:00:03]} 8. a3 {[%emt 0:00:03]} Ba5 {[%emt 0:00:02]} 9. Be2 {[%emt 0:00:15]} c6 {[%emt 0:00:02]} 10. O-O {[%emt 0:00:05]} Qe7 {[%emt 0:00:13]} 11. h3 {[%emt 0:00:06]} Rd8 {[%emt 0:00:07]} 12. Qc4 {[%emt 0:00:26]} Bb6 {[%emt 0:00:12]} 13. Bxb6 {[%emt 0:00:08]} Nxb6 {[%emt 0:00:02]} 14. Qb4 {[%emt 0:00:03]} Qc7 {[%emt 0:00:34]} 15. Rfd1 {[%emt 0:00:03]} Be6 {[%emt 0:00:05]} 16. Rxd8+ {[%emt 0:00:05]} Rxd8 {[%emt 0:00:16]} 17. Rd1 {[%emt 0:00:02]} Rxd1+ {[%emt 0:00:30]} 18. Nxd1 {[%emt 0:00:14]} h6 {[%emt 0:00:08]} 19. Ne3 {[%emt 0:00:06]} c5 {[%emt 0:00:19]} 20. Qc3 {[%emt 0:00:07]} Nxe4 {[%emt 0:00:13]} 21. Qxe5 {[%emt 0:00:04]} Qxe5 {[%emt 0:00:09]} 22. Nxe5 {[%emt 0:00:02]} Na4 {[%emt 0:00:02]} 23. b3 {[%emt 0:00:13]} Nac3 {[%emt 0:00:10]} 24. Bd3 {[%emt 0:00:02]} b5 {[%emt 0:00:18]} 25. f3 {[%emt 0:00:24]} Nd6 {[%emt 0:00:15]} 26. Kf2 {[%emt 0:00:02]} Nb1 {[%emt 0:00:11]} 27. a4 {[%emt 0:00:05]} bxa4 {[%emt 0:00:23]} 28. bxa4 {[%emt 0:00:00]} Nc3 {[%emt 0:00:06]} 29. a5 {[%emt 0:00:14]} f6 {[%emt 0:00:15]} 30. Nc6 {[%emt 0:00:06]} c4 {[%emt 0:00:02]} 31. Bg6 {[%emt 0:00:09]} a6 {[%emt 0:00:08]} 32. Nb4 {[%emt 0:00:18]} Bc8 {[%emt 0:00:05]} 33. Ned5 {[%emt 0:00:13]} Kf8 {[%emt 0:00:03]} 34. Nxc3 {[%emt 0:00:03] Zeit} 1-0

[Event "Stay Safe Play From Home 279"]
[Site "Emanuel Lasker Arena"]
[Date "2020.07.05"]
[Round "6"]
[White "Don59as"]
[Black "Robk"]
[Result "1-0"]
[WhiteElo "2032"]
[BlackElo "1620"]
[Annotator "NA"]
[PlyCount "61"]
[EventDate "2020.07.05"]
[EventType "swiss (blitz)"]

1. c4 {[%emt 0:00:03]} e5 {[%emt 0:00:03]} 2. Nc3 {[%emt 0:00:01]} Nf6 {[%emt 0:00:01]} 3. e4 {[%emt 0:00:02]} c5 {[%emt 0:00:09]} 4. g3 {[%emt 0:00:05]} d6 {[%emt 0:00:01]} 5. Bg2 {[%emt 0:00:00]} Be7 {[%emt 0:00:01]} 6. Nge2 {[%emt 0:00:01]} Be6 {[%emt 0:00:02]} 7. d3 {[%emt 0:00:01]} Nc6 {[%emt 0:00:02]} 8. h3 {[%emt 0:00:01]} O-O {[%emt 0:00:02]} 9. O-O {[%emt 0:00:01]} a6 {[%emt 0:00:02]} 10. Kh2 {[%emt 0:00:01]} Nd4 {[%emt 0:00:01]} 11. f4 {[%emt 0:00:03]} Nxe2 {[%emt 0:00:09]} 12. Nxe2 {[%emt 0:00:05]} exf4 {[%emt 0:00:02]} 13. gxf4 {[%emt 0:00:07]} Bd7 {[%emt 0:00:16]} 14. Ng3 {[%emt 0:00:04]} g6 {[%emt 0:00:08]} 15. Be3 {[%emt 0:00:09]} Qc7 {[%emt 0:00:07]} 16. Qf3 {[%emt 0:00:11]} b5 {[%emt 0:00:03]} 17. b3 {[%emt 0:00:03]} bxc4 {[%emt 0:00:03]} 18. bxc4 {[%emt 0:00:03]} Rab8 {[%emt 0:00:01]} 19. f5 {[%emt 0:00:03]} Rb2 {[%emt 0:00:13]} 20. Bh6 {[%emt 0:00:19]} Rfb8 {[%emt 0:00:05]} 21. Kh1 {[%emt 0:00:05]} Bf8 {[%emt 0:00:06]} 22. fxg6 {[%emt 0:00:08]} Bxh6 {[%emt 0:00:22]} 23. gxf7+ {[%emt 0:00:05]} Kxf7 {[%emt 0:00:08]} 24. Qxf6+ {[%emt 0:00:02]} Kg8 {[%emt 0:00:01]} 25. Qxh6 {[%emt 0:00:05]} Bc6 {[%emt 0:00:24]} 26. Nh5 {[%emt 0:00:06]} Qe7 {[%emt 0:00:21]} 27. Rf5 {[%emt 0:00:21]} Rxg2 {[%emt 0:00:12]} 28. Kxg2 {[%emt 0:00:09]} Rb2+ {[%emt 0:00:11]} 29. Kg1 {[%emt 0:00:09]} Kh8 {[%emt 0:00:19]} 30. Rf8+ {[%emt 0:00:06]} Qxf8 {[%emt 0:00:02]} 31. Qxf8# {[%emt 0:00:01] (Lag: Av=0.62s, max=0.8s)} 1-0

[Event "Stay Safe Play From Home 279"]
[Site "Emanuel Lasker Arena"]
[Date "2020.07.05"]
[Round "6"]
[White "Haxhi Baha"]
[Black "Sadbat1122"]
[Result "1-0"]
[WhiteElo "1944"]
[BlackElo "1620"]
[Annotator "NA"]
[PlyCount "79"]
[EventDate "2020.07.05"]
[EventType "swiss (blitz)"]

1. e4 {[%emt 0:00:14]} d5 {[%emt 0:00:02]} 2. exd5 {[%emt 0:00:02]} Nf6 {[%emt 0:00:02]} 3. Nc3 {[%emt 0:00:00]} Nxd5 {[%emt 0:00:02]} 4. Qf3 {[%emt 0:00:01]} Nxc3 {[%emt 0:00:07]} 5. dxc3 {[%emt 0:00:00]} Nc6 {[%emt 0:00:02]} 6. Bd2 {[%emt 0:00:02]} e5 {[%emt 0:00:04]} 7. O-O-O {[%emt 0:00:01]} Qe7 {[%emt 0:00:08]} 8. Bb5 {[%emt 0:00:07]} Bd7 {[%emt 0:00:02]} 9. Ne2 {[%emt 0:00:02]} O-O-O {[%emt 0:00:02]} 10. Be3 {[%emt 0:00:01]} e4 {[%emt 0:00:03]} 11. Qg3 {[%emt 0:00:06]} Kb8 {[%emt 0:00:07]} 12. Nf4 {[%emt 0:00:12]} Bc8 {[%emt 0:00:53]} 13. Nd5 {[%emt 0:00:10]} Qd7 {[%emt 0:00:22]} 14. Nb4 {[%emt 0:00:19]} Bd6 {[%emt 0:00:09]} 15. Bf4 {[%emt 0:00:20]} Bxf4+ {[%emt 0:00:11]} 16. Qxf4 {[%emt 0:00:00]} Qe6 {[%emt 0:00:06]} 17. Bxc6 {[%emt 0:00:12]} bxc6 {[%emt 0:00:01]} 18. Rxd8 {[%emt 0:00:31]} Rxd8 {[%emt 0:00:02]} 19. Qg5 {[%emt 0:00:00]} f6 {[%emt 0:00:27]} 20. Qxg7 {[%emt 0:00:05]} Rg8 {[%emt 0:00:06]} 21. Nxc6+ {[%emt 0:00:10]} Kb7 {[%emt 0:00:10]} 22. Na5+ {[%emt 0:00:14]} Ka8 {[%emt 0:00:07]} 23. Qxc7 {[%emt 0:00:05]} Qb6 {[%emt 0:00:24]} 24. Qc4 {[%emt 0:00:23]} Rd8 {[%emt 0:00:16]} 25. Qxe4+ {[%emt 0:00:03]} Bb7 {[%emt 0:00:29]} 26. Nxb7 {[%emt 0:00:02]} Qxb7 {[%emt 0:00:04]} 27. Qxb7+ {[%emt 0:00:01]} Kxb7 {[%emt 0:00:01]} 28. Re1 {[%emt 0:00:00]} Rg8 {[%emt 0:00:03]} 29. g3 {[%emt 0:00:01]} Rg7 {[%emt 0:00:02]} 30. Re6 {[%emt 0:00:01]} Rf7 {[%emt 0:00:02]} 31. f4 {[%emt 0:00:01]} f5 {[%emt 0:00:02]} 32. c4 {[%emt 0:00:01]} Rc7 {[%emt 0:00:02]} 33. b3 {[%emt 0:00:01]} Rf7 {[%emt 0:00:02]} 34. c5 {[%emt 0:00:03]} Kc7 {[%emt 0:00:03]} 35. b4 {[%emt 0:00:02]} Kd7 {[%emt 0:00:04]} 36. Rd6+ {[%emt 0:00:01]} Kc7 {[%emt 0:00:01]} 37. c4 {[%emt 0:00:00]} Re7 {[%emt 0:00:02]} 38. Rf6 {[%emt 0:00:03]} Re2 {[%emt 0:00:02]} 39. a4 {[%emt 0:00:05]} Rxh2 {[%emt 0:00:03]} 40. b5 {[%emt 0:00:01] Time (Lag: Av=1.13s, max=2.0s)} 1-0

[Event "Stay Safe Play From Home 279"]
[Site "Emanuel Lasker Arena"]
[Date "2020.07.05"]
[Round "6"]
[White "Haris kollari 13"]
[Black "Indianquant"]
[Result "0-1"]
[WhiteElo "1859"]
[BlackElo "2313"]
[Annotator "NA"]
[PlyCount "140"]
[EventDate "2020.07.05"]
[EventType "swiss (blitz)"]

1. e4 {[%emt 0:00:01]} c5 {[%emt 0:00:01]} 2. Nf3 {[%emt 0:00:02]} d6 {[%emt 0:00:05]} 3. d4 {[%emt 0:00:02]} cxd4 {[%emt 0:00:00]} 4. Nxd4 {[%emt 0:00:01]} Nf6 {[%emt 0:00:00]} 5. Nc3 {[%emt 0:00:01]} a6 {[%emt 0:00:00]} 6. f4 {[%emt 0:00:01]} e5 {[%emt 0:00:01]} 7. Nf3 {[%emt 0:00:03]} Nbd7 {[%emt 0:00:01]} 8. Be3 {[%emt 0:00:06]} Be7 {[%emt 0:00:03]} 9. Qd2 {[%emt 0:00:02]} O-O {[%emt 0:00:10]} 10. O-O-O {[%emt 0:00:02]} b5 {[%emt 0:00:02]} 11. fxe5 {[%emt 0:00:01]} Nxe5 {[%emt 0:00:20]} 12. Nxe5 {[%emt 0:00:02]} dxe5 {[%emt 0:00:00]} 13. Qxd8 {[%emt 0:00:06]} Rxd8 {[%emt 0:00:00]} 14. Rxd8+ {[%emt 0:00:02]} Bxd8 {[%emt 0:00:00]} 15. Bd3 {[%emt 0:00:02]} Bb7 {[%emt 0:00:03]} 16. a3 {[%emt 0:00:01]} Rc8 {[%emt 0:00:04]} 17. Bg5 {[%emt 0:00:02] Haris kollari 13 offers a draw} Nxe4 {[%emt 0:00:45]} 18. Bxe4 {[%emt 0:00:27]} Bxg5+ {[%emt 0:00:05]} 19. Kb1 {[%emt 0:00:01]} Bxe4 {[%emt 0:00:22]} 20. Nxe4 {[%emt 0:00:01]} Be7 {[%emt 0:00:01]} 21. Rd1 {[%emt 0:00:03]} f5 {[%emt 0:00:12]} 22. Nc3 {[%emt 0:00:03]} Rd8 {[%emt 0:00:06]} 23. Nd5 {[%emt 0:00:03]} Kf7 {[%emt 0:00:01]} 24. g3 {[%emt 0:00:18]} Rc8 {[%emt 0:00:02]} 25. c3 {[%emt 0:00:04]} Ke6 {[%emt 0:00:03]} 26. Ne3 {[%emt 0:00:17]} Bc5 {[%emt 0:00:03]} 27. Nc2 {[%emt 0:00:04]} g5 {[%emt 0:00:01]} 28. b4 {[%emt 0:00:03]} Bd6 {[%emt 0:00:02]} 29. Kb2 {[%emt 0:00:01]} f4 {[%emt 0:00:01]} 30. Re1 {[%emt 0:00:03]} Kf5 {[%emt 0:00:24]} 31. Re2 {[%emt 0:00:09]} h5 {[%emt 0:00:05]} 32. Kb3 {[%emt 0:00:06]} h4 {[%emt 0:00:05]} 33. gxh4 {[%emt 0:00:03]} gxh4 {[%emt 0:00:01]} 34. Rg2 {[%emt 0:00:06]} f3 {[%emt 0:00:12]} 35. Rg7 {[%emt 0:00:06]} Rf8 {[%emt 0:00:04]} 36. Ne3+ {[%emt 0:00:03]} Ke4 {[%emt 0:00:03]} 37. Nf1 {[%emt 0:00:06]} Rf6 {[%emt 0:00:09]} 38. Kc2 {[%emt 0:00:03]} Kf4 {[%emt 0:00:06]} 39. h3 {[%emt 0:00:06]} e4 {[%emt 0:00:07]} 40. Rg4+ {[%emt 0:00:01]} Ke5 {[%emt 0:00:07]} 41. Kd2 {[%emt 0:00:06]} Bf8 {[%emt 0:00:08]} 42. Rg5+ {[%emt 0:00:06]} Ke6 {[%emt 0:00:09]} 43. Rg4 {[%emt 0:00:02]} Bh6+ {[%emt 0:00:01]} 44. Ke1 {[%emt 0:00:03]} Ke5 {[%emt 0:00:04]} 45. Rxh4 {[%emt 0:00:03]} e3 {[%emt 0:00:05]} 46. Rd4 {[%emt 0:00:33]} Rd6 {[%emt 0:00:04]} 47. Rh4 {[%emt 0:00:06]} Bf4 {[%emt 0:00:01]} 48. Rh8 {[%emt 0:00:07]} e2 {[%emt 0:00:02]} 49. Re8+ {[%emt 0:00:04]} Re6 {[%emt 0:00:01]} 50. Rf8 {[%emt 0:00:12]} exf1=Q+ {[%emt 0:00:01]} 51. Kxf1 {[%emt 0:00:00]} Ke4 {[%emt 0:00:00]} 52. Kf2 {[%emt 0:00:04]} Re5 {[%emt 0:00:01]} 53. h4 {[%emt 0:00:02]} Be3+ {[%emt 0:00:01]} 54. Kf1 {[%emt 0:00:01]} Rd5 {[%emt 0:00:01]} 55. Re8+ {[%emt 0:00:02]} Re5 {[%emt 0:00:00]} 56. Rf8 {[%emt 0:00:02]} Rf5 {[%emt 0:00:01]} 57. Re8+ {[%emt 0:00:03]} Kd3 {[%emt 0:00:00]} 58. Rd8+ {[%emt 0:00:02]} Kxc3 {[%emt 0:00:01]} 59. Rd6 {[%emt 0:00:02]} Kb3 {[%emt 0:00:00]} 60. Rxa6 {[%emt 0:00:01]} Rd5 {[%emt 0:00:00]} 61. Ke1 {[%emt 0:00:03]} f2+ {[%emt 0:00:01]} 62. Ke2 {[%emt 0:00:01]} Rd1 {[%emt 0:00:00]} 63. Rf6 {[%emt 0:00:03]} Re1+ {[%emt 0:00:02]} 64. Kd3 {[%emt 0:00:03]} f1=Q+ {[%emt 0:00:00]} 65. Rxf1 {[%emt 0:00:01]} Rxf1 {[%emt 0:00:00]} 66. Kxe3 {[%emt 0:00:00]} Rh1 {[%emt 0:00:01]} 67. Kd4 {[%emt 0:00:02]} Rxh4+ {[%emt 0:00:01]} 68. Kc5 {[%emt 0:00:00]} Rh5+ {[%emt 0:00:01]} 69. Kb6 {[%emt 0:00:01]} Kxa3 {[%emt 0:00:00]} 70. Ka6 {[%emt 0:00:01]} Kxb4 {[%emt 0:00:00] Haris kollari 13 resigns (Lag: Av=0.95s, max=1.9s)} 0-1

[Event "Stay Safe Play From Home 279"]
[Site "Emanuel Lasker Arena"]
[Date "2020.07.05"]
[Round "6"]
[White "Möwe"]
[Black "Lazieri3"]
[Result "0-1"]
[WhiteElo "1641"]
[BlackElo "2082"]
[PlyCount "116"]
[EventDate "2020.07.05"]
[EventType "swiss (blitz)"]

1. e4 {[%emt 0:00:04]} c6 {[%emt 0:00:00]} 2. d4 {[%emt 0:00:02]} d5 {[%emt 0:00:00]} 3. exd5 {[%emt 0:00:01]} cxd5 {[%emt 0:00:06]} 4. Nf3 {[%emt 0:00:00]} Nc6 {[%emt 0:00:00]} 5. Bd3 {[%emt 0:00:01]} Nf6 {[%emt 0:00:05]} 6. O-O {[%emt 0:00:03]} Bg4 {[%emt 0:00:02]} 7. c3 {[%emt 0:00:02]} e6 {[%emt 0:00:01]} 8. Re1 {[%emt 0:00:02]} h6 {[%emt 0:00:03]} 9. Bf4 {[%emt 0:00:01]} Bd6 {[%emt 0:00:01]} 10. Bxd6 {[%emt 0:00:03]} Qxd6 {[%emt 0:00:00]} 11. Nbd2 {[%emt 0:00:01]} O-O {[%emt 0:00:01]} 12. Qc2 {[%emt 0:00:02]} Rfe8 {[%emt 0:00:12]} 13. h3 {[%emt 0:00:01]} Bxf3 {[%emt 0:00:01]} 14. Nxf3 {[%emt 0:00:02]} e5 {[%emt 0:00:03]} 15. dxe5 {[%emt 0:00:02]} Nxe5 {[%emt 0:00:00]} 16. Nxe5 {[%emt 0:00:01]} Rxe5 {[%emt 0:00:00]} 17. Qd2 {[%emt 0:00:20]} Rae8 {[%emt 0:00:03]} 18. Rxe5 {[%emt 0:00:02]} Qxe5 {[%emt 0:00:01]} 19. Rf1 {[%emt 0:00:13]} Ne4 {[%emt 0:00:02]} 20. Bxe4 {[%emt 0:00:01]} dxe4 {[%emt 0:00:01]} 21. Qe3 {[%emt 0:00:02]} b6 {[%emt 0:00:08]} 22. Re1 {[%emt 0:00:01]} Qe6 {[%emt 0:00:10]} 23. b3 {[%emt 0:00:07]} f5 {[%emt 0:00:09]} 24. Qd4 {[%emt 0:00:05]} f4 {[%emt 0:00:15]} 25. Qa4 {[%emt 0:00:18]} e3 {[%emt 0:00:17]} 26. fxe3 {[%emt 0:00:03]} fxe3 {[%emt 0:00:00]} 27. Qc4 {[%emt 0:00:42]} Qxc4 {[%emt 0:00:19]} 28. bxc4 {[%emt 0:00:01]} Re4 {[%emt 0:00:14]} 29. Re2 {[%emt 0:00:04]} Kf7 {[%emt 0:00:07]} 30. g3 {[%emt 0:00:04]} Rxc4 {[%emt 0:00:31]} 31. Rxe3 {[%emt 0:00:03]} Ra4 {[%emt 0:00:01]} 32. Re2 {[%emt 0:00:02]} Ra3 {[%emt 0:00:01]} 33. Rc2 {[%emt 0:00:02]} Ke6 {[%emt 0:00:01]} 34. Kf2 {[%emt 0:00:01]} Kd5 {[%emt 0:00:01]} 35. Ke3 {[%emt 0:00:01]} Kc4 {[%emt 0:00:01]} 36. Kd2 {[%emt 0:00:11]} h5 {[%emt 0:00:01]} 37. g4 {[%emt 0:00:02]} hxg4 {[%emt 0:00:03]} 38. hxg4 {[%emt 0:00:01]} g5 {[%emt 0:00:01]} 39. Ke3 {[%emt 0:00:08]} Rxc3+ {[%emt 0:00:56]} 40. Rxc3+ {[%emt 0:00:02]} Kxc3 {[%emt 0:00:00]} 41. Ke4 {[%emt 0:00:01]} b5 {[%emt 0:00:01]} 42. Kf5 {[%emt 0:00:01]} b4 {[%emt 0:00:01]} 43. Kxg5 {[%emt 0:00:01]} Kb2 {[%emt 0:00:24]} 44. Kf6 {[%emt 0:00:04]} Kxa2 {[%emt 0:00:01]} 45. g5 {[%emt 0:00:01]} b3 {[%emt 0:00:00]} 46. g6 {[%emt 0:00:01]} b2 {[%emt 0:00:00]} 47. g7 {[%emt 0:00:01]} b1=Q {[%emt 0:00:00]} 48. g8=Q+ {[%emt 0:00:01]} Qb3 {[%emt 0:00:01]} 49. Qa8 {[%emt 0:00:23]} Qc3+ {[%emt 0:00:03]} 50. Ke6 {[%emt 0:00:09]} a5 {[%emt 0:00:00]} 51. Kd6 {[%emt 0:00:17]} Qb4+ {[%emt 0:00:02]} 52. Ke5 {[%emt 0:00:10]} a4 {[%emt 0:00:00]} 53. Qd5+ {[%emt 0:00:12]} Qb3 {[%emt 0:00:01]} 54. Qa5 {[%emt 0:00:19]} a3 {[%emt 0:00:02]} 55. Kd4 {[%emt 0:00:03]} Ka1 {[%emt 0:00:02]} 56. Qe1+ {[%emt 0:00:04]} Qb1 {[%emt 0:00:02]} 57. Qa5 {[%emt 0:00:03]} Qc1 {[%emt 0:00:07]} 58. Kd3 {[%emt 0:00:04]} a2 {[%emt 0:00:03] Zeit (Lag: Av=0.93s, max=1.4s)} 0-1